Cargando...

Jathi unmoolananam:

Detalles Bibliográficos
Autor Principal: Ambedkar, B. R.
Outros autores: Bijuraj, R.K
Formato: Printed Book
Idioma:English
Publicado: New Delhi: Navayana Publishing Pvt Ltd, 2014.
Edición:Annotated critical edition
Subjects:
LEADER 00888 a2200229 4500
008 150103s9999 000 0 eng
020 |a 9788126452927 
082 0 0 |a 305.51220954 
100 1 |a Ambedkar, B. R. 
245 1 0 |a Jathi unmoolananam:  |c vyakhyana vimarsanakkurippukal sahitham / 
250 |a Annotated critical edition 
260 |a New Delhi:  |b Navayana Publishing Pvt Ltd,  |c 2014. 
300 |a 415 pages ; 
500 |a Annihilation of caste 
650 0 |a Caste 
653 |a History / Asia / India & South Asia. 
653 |a Social science/ Social Classes. 
653 |a Social science / Discrimination & Race Relations. 
700 |a Bijuraj, R.K. 
942 |c BK 
999 |c 308203  |d 308203 
952 |0 0  |1 0  |2 ddc  |4 0  |6 305_512209540000000_AMB_JA  |7 0  |9 353722  |a DRA  |b DRA  |c ST1  |d 2016-12-05  |i 9595  |l 8  |m 1  |o 305.51220954 AMB/JA  |p DRA9595  |q 2022-01-05  |r 2021-11-02  |s 2021-11-02  |v 325.00  |w 2016-12-05  |y BK